• AIU
  • Tony Wilmot Memorial Library

The Winn Rosch hardware bible / (Record no. 58747)

MARC details
000 -LEADER
fixed length control field 00834pam a2200253 a 4500
001 - CONTROL NUMBER
control field 3383928
003 - CONTROL NUMBER IDENTIFIER
control field OSt
005 - DATE AND TIME OF LATEST TRANSACTION
control field 20140226093449.0
008 - FIXED-LENGTH DATA ELEMENTS--GENERAL INFORMATION
fixed length control field 880923s1989 nyua f 001 0 eng
010 ## - LIBRARY OF CONGRESS CONTROL NUMBER
LC control number 88029176
020 ## - INTERNATIONAL STANDARD BOOK NUMBER
International Standard Book Number 0131609793 :
Terms of availability $29.95
040 ## - CATALOGING SOURCE
Original cataloging agency DLC
Transcribing agency DLC
Modifying agency DLC
050 00 - LIBRARY OF CONGRESS CALL NUMBER
Classification number TK 7888.3
Item number .R67 1989
082 00 - DEWEY DECIMAL CLASSIFICATION NUMBER
Classification number 621.391/6
Edition number 19
100 1# - MAIN ENTRY--PERSONAL NAME
Personal name Rosch, Winn L.
9 (RLIN) 25651
245 14 - TITLE STATEMENT
Title The Winn Rosch hardware bible /
Statement of responsibility, etc by Winn L. Rosch.
260 ## - PUBLICATION, DISTRIBUTION, ETC. (IMPRINT)
Place of publication, distribution, etc New York :
Name of publisher, distributor, etc Brady :
-- Distributed by Prentice Hall Trade,
Date of publication, distribution, etc c1989.
300 ## - PHYSICAL DESCRIPTION
Extent xi, 628 p. :
Other physical details ill. ;
Dimensions 24 cm.
500 ## - GENERAL NOTE
General note Includes index.
650 #0 - SUBJECT ADDED ENTRY--TOPICAL TERM
Topical term or geographic name as entry element Microcomputers
General subdivision Handbooks, manuals, etc.
9 (RLIN) 25652
906 ## - LOCAL DATA ELEMENT F, LDF (RLIN)
a 7
b cbc
c orignew
d 1
e ocip
f 19
g y-gencatlg
942 ## - ADDED ENTRY ELEMENTS (KOHA)
Source of classification or shelving scheme Library of Congress Classification
Koha item type Books
Holdings
Withdrawn status Lost status Source of classification or shelving scheme Damaged status Not for loan Collection code Home library Current library Shelving location Date acquired Source of acquisition Cost, normal purchase price Total Checkouts Full call number Barcode Date last seen Date checked out Copy number Price effective from Koha item type
    Library of Congress Classification     General Circulation AIU/NEGST - Tony Wilmot Memorial Library AIU/NEGST - Tony Wilmot Memorial Library General Stacks 02/26/2014 donation 45.00 1 TK 7888.3 .R67 1989 R28627M3232 09/26/2019 01/29/2018 1 02/26/2014 Books